| 000 | 00565nam a2200169 a 4500 | ||
|---|---|---|---|
| 001 | 000043347 | ||
| 005 | 20201002040832.0 | ||
| 008 | 140310s1991 ve 000 0 spa d | ||
| 020 | _a9803170074 | ||
| 040 |
_aDO-SdBNP _bspa _cBNPHU |
||
| 100 | 1 |
_aRodríguez Rabanal, César. _970987 |
|
| 245 | 1 | 0 |
_aCicatrices de la Pobreza : _bun estudio psicoanalítico / _cCésar Rodríguez Rabanal. |
| 250 | _a2a. ed. | ||
| 260 |
_aVenezuela : _bNueva Sociedad, _c1991. |
||
| 300 |
_a240 p. ; _c23 cm. |
||
| 500 | _aIncluye datos biográficos del autor en la solapa de la cubierta | ||
| 999 |
_c42836 _d42836 |
||